Our Feet Walk the Sky: (Record no. 856)

MARC details
000 -LEADER
fixed length control field 008030000a22002410004500
003 - CONTROL NUMBER IDENTIFIER
control field LK-CoMWRAF
005 - DATE AND TIME OF LATEST TRANSACTION
control field 20231109094603.0
008 - FIXED-LENGTH DATA ELEMENTS--GENERAL INFORMATION
fixed length control field 230817t1993 ||||| |||| 00| 0 eng d
020 ## - INTERNATIONAL STANDARD BOOK NUMBER
International Standard Book Number 187996032X
040 ## - CATALOGING SOURCE
Original cataloging agency LK-CoMWRAF
Modifying agency LK-CoMWRAF
Description conventions LK-CoMWRAF
041 ## - LANGUAGE CODE
Language code of text/sound track or separate title English
082 ## - DEWEY DECIMAL CLASSIFICATION NUMBER
Classification number 810.8
Item number OUR
942 ## - ADDED ENTRY ELEMENTS (KOHA)
Koha item type Books
710 ## - ADDED ENTRY--CORPORATE NAME
Corporate name or jurisdiction name as entry element Women of South Asian Descent Collective
245 ## - TITLE STATEMENT
Title Our Feet Walk the Sky:
Remainder of title Women of the South Asian Diaspora
260 ## - PUBLICATION, DISTRIBUTION, ETC. (IMPRINT)
Place of publication, distribution, etc. San Francisco:
Name of publisher, distributor, etc. Aunt Lute Books,
Date of publication, distribution, etc. 1993
300 ## - PHYSICAL DESCRIPTION
Extent xvii, 372 p. ; 23 cm.
650 ## - SUBJECT ADDED ENTRY--TOPICAL TERM
Topical term or geographic name as entry element AMERICAN LITERATURE-South Asian American authors
650 ## - SUBJECT ADDED ENTRY--TOPICAL TERM
Topical term or geographic name as entry element South Asian American women--Intellectual life.
650 ## - SUBJECT ADDED ENTRY--TOPICAL TERM
Topical term or geographic name as entry element Feminism and literature--United States
653 ## - INDEX TERM--UNCONTROLLED
Uncontrolled term Ethnicity in literature
653 ## - INDEX TERM--UNCONTROLLED
Uncontrolled term Women--South Asia--Social conditions.
Holdings
Withdrawn status Lost status Damaged status Not for loan Permanent Location Current Location Date acquired Full call number Barcode Koha item type
        Resource center, Muslim Women's Research And Action Forum Resource center, Muslim Women's Research And Action Forum 2023-08-17 810.8 OUR RAF462 Books

Copyright © 2023 Muslim Women's Research and Action Forum (MWRAF), No 27/3, Anderson Road, Kalubowila, Dehiwela. Funded by The Asia Fundation